000 00562nam a2200205Ia 4500
005 20250923145049.0
008 008 250917s9999 xx 000 0 eng d
037 _aTextual
040 _aDSWL
_beng
_cDSWL
041 _aeng
_2eng
084 _aZ:5112Y7, K2
_qDSWL
100 _aGribble, Leonard
_9831407
245 0 _aWhen Killers Err
_cby Leonard Gribble
260 _aLondon
_bJohn Long
_c1962
300 _axxviii,320p.
365 _aINR
_b21
925 _g21
942 _cTEXL
_hZ:5112Y7, K2
999 _c1446631
_d1446631